Flowers for Mrs Harris

Uloženo v:
Podrobná bibliografie
Hlavní autor: Gallico, Paul (Autor)
Médium: Kniha
Jazyk:angličtina
Vydáno: Londres Longman 1964
Edice:The Bridge Series
Témata:
Tagy: Přidat tag
Žádné tagy, Buďte první, kdo vytvoří štítek k tomuto záznamu!

MARC

LEADER 00000nam a2200000 a 4500
001 UCQ3246
003 CL-VaPUC
008 980817e19640000UK |||||||||||||||||eng|d
082 0 4 |a 807  |b GAL  |2 21 
100 |a Gallico, Paul  |e author  |9 418649 
245 1 0 |a Flowers for Mrs Harris 
300 |a 118 p 
942 |c BK 
945 |d 19980817 00:00:00  |a crobeson 
260 |a Londres  |b Longman  |c 1964 
650 0 |a Literatura inglesa  |9 312907 
650 0 |a Inglés  |9 260023 
650 0 |a Lectura  |9 307634 
650 0 |a Enseñanza de idiomas  |9 339820 
650 0 |a Educación lingüística  |9 306506 
583 |a last modification  |c 19980817 00:00:00  |k Rodrigo Vera 
490 0 |a The Bridge Series 
999 |c 273843  |d 273841 
952 |0 0  |1 0  |4 0  |6 807_000000000000000_GAL_1964  |7 0  |8 A  |9 309751  |a BIBEDU  |b BIBEDU  |d 2019-11-20  |i 1454307  |o 807 GAL 1964  |p 1454307  |r 2019-11-20  |w 2019-11-20  |y BK  |k LIT